000 03253nkm0a2200529 4500
001 RU\NLR\BIBL_A\022674328
005 20260409070516.0
035 _a(NLR Aleph) 022674328
090 _a13539809
_c13539809
100 _a20251127d1916 u y0rusy50 ca
101 0 _arus
102 _aRU
116 _aiiycxx bf ad
135 _acrcn 024anaba
181 0 _ab4
_bxb2e
182 0 _an
200 1 _aНевский проспект
_eпо Н. В. Гоголю
_e[плакат]
_fД. Мельников
203 _aИзображение
_bнеподвижное
_bдвухмерное
_bвизуальное
_cнепосредственное
210 _aПетроград
_cТ-во Р. Голике и А. Вильборг
_d1916
215 _a1 л.
_cцв. литограф.
_d110,3х76,7
300 _aНа л. внизу фабр.знак "А. Дранков, Москва - Петроград" (2 павлина)
300 _aНа л. внизу фабр. знак "Т-во Русь, Москва"
325 _aКопия доступна в Электрон. б-ке РНБ
600 1 _aГоголь
_bН.В.
_gНиколай Васильевич
_f1809 - 1852
_jПлакаты
_3RU\NLR\AUTH\66309282
_91459110
604 _1700#1$aКлодт$bП.К.$gПетр Карлович$f1805 - 1867
_1500##$a"Укротители коней"$jПлакаты$2nlr_sh1$3RU\NLR\AUTH\66539825
_3RU\NLR\AUTH\66539825
_aКлодт, Петр Карлович (1805 - 1867)
_t"Укротители коней"
_jПлакаты
_91302925
606 1 _aКиноплакат русский
_z1908 - 1919
_92508567
_3RU\NLR\AUTH\6601702435
606 1 _aХудожники
_jПлакаты
_91090638
_3RU\NLR\AUTH\66427748
610 0 _aАничков мост (Санкт-Петербург)
610 0 _aМольберты
686 _aЩ153(2Р=Рус)53-465
700 1 _8rus
_7ca
_aМельников
_bД. И.
_cхудожник
_f1889-1966
_gДмитрий Иванович
_3RU\NLR\AUTH\77125635
_9108560
712 0 2 _4570
_a"Дранков А.О. и К", акционерное о-во
_cПетроград
_3RU\NLR\AUTH\889955811
_9407738
712 0 2 _4570
_a"Русь", фабрика кинематографических картин
_cМосква
_3RU\NLR\AUTH\8810032546
_9563642
712 0 2 _4610
_a"Голике, Р. и Вильборг, А.", товарищество
_cПетербург
_3RU\NLR\AUTH\8810222039
_9328916
830 _aДатировка по: Вишневский В. Художественные фильмы дореволюционной России (Фильмографическое описание). - М., Госкиноиздат, 1945. - № 819
852 0 0 _aNLR
_bЭ
_jАфИс900-II/Н401
_mЭаф14720
852 0 0 _aNLR
_bЭ
_jАфИс900-II/Н401
_mинв.155246
856 0 _uhttps://vivaldi.nlr.ru/la700001508/view
856 1 _uhttps://vivaldi.nlr.ru/la700001508/cover
856 2 _uhttps://vivaldi.nlr.ru/la700001508/text
942 _cVISUAL
980 _aNB
981 1 7 _a(17) Изографические материалы
_b(17) Плакаты